LIBRARY ONLINE CATALOGUE

Analysis of Hax Delta strategic positioning model on performance of mobile telecommunication companies in Kenya (Record no. 17443)

MARC details
000 -LEADER
fixed length control field 00563nam a22001577a 4500
008 - FIXED-LENGTH DATA ELEMENTS--GENERAL INFORMATION
fixed length control field 190218b xxu||||| |||| 00| 0 eng d
100 ## - MAIN ENTRY--PERSONAL NAME
Personal name Njenga, Samson Gitahi
245 ## - TITLE STATEMENT
Title Analysis of Hax Delta strategic positioning model on performance of mobile telecommunication companies in Kenya
Statement of responsibility, etc. Samson Gitahi Njenga
260 ## - PUBLICATION, DISTRIBUTION, ETC. (IMPRINT)
Place of publication, distribution, etc. Kabarak, Nakuru, Kenya
Name of publisher, distributor, etc. Kabarak University
Date of publication, distribution, etc. 2018
300 ## - PHYSICAL DESCRIPTION
Extent xvii, 168 leaves
650 ## - SUBJECT ADDED ENTRY--TOPICAL TERM
Topical term or geographic name as entry element Firm performance
650 ## - SUBJECT ADDED ENTRY--TOPICAL TERM
Topical term or geographic name as entry element Strategic positioning
700 ## - ADDED ENTRY--PERSONAL NAME
Personal name Dr. Daniel M. Wanyoike
700 ## - ADDED ENTRY--PERSONAL NAME
Personal name Dr. Joel Koima
942 ## - ADDED ENTRY ELEMENTS (KOHA)
Source of classification or shelving scheme Library of Congress Classification
Koha item type Thesis, Dissertation and Projecs
Holdings
Withdrawn status Lost status Source of classification or shelving scheme Not for loan Home library Current library Date acquired Total Checkouts Full call number Barcode Date last seen Price effective from Koha item type
    Library of Congress Classification   Kabarak, Main Campus Kabarak, Main Campus 18/02/2019   HC79 .N54 2018 c.1 022886 18/02/2019 18/02/2019 Thesis, Dissertation and Projecs